|
|
|
|
| LEADER |
02053nam a2200577 i 4500 |
| 001 |
nkc20223477693 |
| 003 |
CZ PrNK |
| 005 |
20230807070804.0 |
| 007 |
ta |
| 008 |
230703s2023 xr a e p 000 0 cze |
| 015 |
|
|
|a cnb003477693
|
| 020 |
|
|
|a 978-80-908851-2-7
|q (kroužková vazba)
|
| 035 |
|
|
|a (OCoLC)1393198297
|
| 040 |
|
|
|a ABA001
|b cze
|e rda
|
| 041 |
1 |
|
|a cze
|h ita
|
| 043 |
|
|
|a e-xr---
|
| 072 |
|
7 |
|a 656.1/.5
|x Pozemní doprava
|2 Konspekt
|9 4
|
| 072 |
|
7 |
|a 37.016
|x Učební osnovy. Vyučovací předměty. Učebnice
|2 Konspekt
|9 22
|
| 080 |
|
|
|a 656.1.025.4
|2 MRF
|
| 080 |
|
|
|a 656.025.4
|2 MRF
|
| 080 |
|
|
|a 62-218.8
|2 MRF
|
| 080 |
|
|
|a 006.7/.8
|2 MRF
|
| 080 |
|
|
|a (437.3)
|2 MRF
|
| 080 |
|
|
|a (07)
|2 MRF
|
| 100 |
1 |
|
|a Vaverka, Jan
|4 aut
|
| 245 |
1 |
0 |
|a Zajištění nákladu v silniční dopravě :
|b úvod /
|c Jan Vaverka
|
| 264 |
|
1 |
|a [Bílý Újezd] :
|b Jan Vaverka,
|c 2023
|
| 300 |
|
|
|a 89 stran :
|b ilustrace (převážně barevné) ;
|c 30 cm
|
| 336 |
|
|
|a text
|b txt
|2 rdacontent
|
| 336 |
|
|
|a statický obraz
|b sti
|2 rdacontent
|
| 337 |
|
|
|a bez média
|b n
|2 rdamedia
|
| 338 |
|
|
|a svazek
|b nc
|2 rdacarrier
|
| 490 |
1 |
|
|a Školení profesních řidičů
|
| 500 |
|
|
|a Částečně přeloženo z italštiny?
|
| 504 |
|
|
|a Obsahuje bibliografii a bibliografické odkazy
|
| 650 |
0 |
7 |
|a nákladní silniční doprava
|7 ph500492
|2 czenas
|
| 650 |
0 |
7 |
|a přeprava zboží
|7 ph135645
|2 czenas
|
| 650 |
0 |
7 |
|a upevňovací technika
|7 ph195824
|2 czenas
|
| 650 |
0 |
7 |
|a technické normy a standardy
|7 ph260676
|z Česko
|2 czenas
|
| 650 |
0 |
9 |
|a freight road transport
|2 eczenas
|
| 650 |
0 |
9 |
|a goods transportation
|2 eczenas
|
| 650 |
0 |
9 |
|a fastening
|2 eczenas
|
| 650 |
0 |
9 |
|a technical standards
|z Czechia
|2 eczenas
|
| 655 |
|
7 |
|a učební texty
|7 fd133599
|2 czenas
|
| 655 |
|
9 |
|a educational texts
|2 eczenas
|
| 830 |
|
0 |
|a Školení profesních řidičů
|0 s
|
| 910 |
2 |
|
|a BOA001
|b 4-1510.368
|
| 990 |
|
|
|a BK
|
| 995 |
|
|
|a 01
|
| 991 |
|
|
|b 202308
|c NOV
|
| 996 |
6 |
|
|b 2610943852
|c 4-1510.368
|l MZK
|r Sklad / do 1 hodiny
|n 4
|p p.v.
|w 001930975
|u 000010
|a 1
|e BOA001
|j MZK50
|s P
|